000 00470nam a2200169Ia 4500
999 _c169
_d169
003 OSt
005 20210907113919.0
008 190216s9999||||xx |||||||||||||| ||und||
040 _coclc
082 _a297
_bALS/M
100 _aAlssawaf, Mohamed Mohmoud
_98798
245 0 _aAl Mukhattatatul Istimariyyah /
_cMohamed Mohmoud Alssawaf
260 _bOrient Longman,
300 _a271p
650 _aArabic
942 _cBK
_2ddc
_h297
_iALS/M
_k297
_mALS/M